[Event "Milan SSM May B"]
[Site "Milan"]
[Date "2015.05.24"]
[Round "5"]
[White "Pipitone, Filippo Massimo"]
[Black "Guglielmetti, Oscar"]
[Result "0-1"]
[WhiteElo "1544"]
[BlackElo "1683"]
[PlyCount "44"]
[EventDate "2015.05.20"]
[EventType "swiss"]
[EventRounds "6"]
[EventCountry "ITA"]
[SourceTitle "EXT 2024"]
[Source "ChessBase"]
[SourceDate "2023.10.10"]
[SourceVersion "1"]
[SourceVersionDate "2023.10.10"]
[SourceQuality "1"]

1. d4 g6 2. c4 Bg7 3. Nc3 d6 4. e4 Nf6 5. f3 0-0 6. Be3 Nc6 7. Qd2 e5 8. d5 Ne7 9. Bd3 Ne8 10. g4 f5 11. gxf5 gxf5 12. exf5 Bxf5 13. Bxf5 Nxf5 14. Bg5 Nf6 15. 0-0-0 Qe8 16. Re1 Qf7 17. Ne4 Nd4 18. Qg2 Kh8 19. Ne2 Nxe4 20. fxe4 Qf3 21. Qxf3 Nxf3 22. Ref1 Nxg5 0-1

[Event "Modena Province-ch"]
[Site "Ceriano Laghetto"]
[Date "2010.02.??"]
[Round "6"]
[White "Guglielmetti, Oscar"]
[Black "Pellegrini, Fabio"]
[Result "0-1"]
[WhiteElo "1788"]
[BlackElo "1541"]
[PlyCount "38"]
[EventDate "2010.02.02"]
[EventType "swiss"]
[EventRounds "6"]
[EventCountry "ITA"]
[SourceTitle "EXT 2024"]
[Source "ChessBase"]
[SourceDate "2023.10.10"]
[SourceVersion "1"]
[SourceVersionDate "2023.10.10"]
[SourceQuality "1"]

1. Nf3 c6 2. g3 g6 3. Bg2 Bg7 4. d3 Nf6 5. 0-0 0-0 6. e4 d6 7. Nc3 e5 8. Bd2 h6 9. Qc1 Kh7 10. Nh4 Be6 11. f4 exf4 12. Bxf4 g5 13. e5 dxe5 14. Bxe5 gxh4 15. Bxf6 Bxf6 16. Be4+ Kg7 17. Qf4 Bd4+ 18. Kh1 Qg5 19. Qc7 hxg3 0-1

[Event "Ceriano Laghetto op"]
[Site "Ceriano Laghetto"]
[Date "2009.02.03"]
[Round "1"]
[White "Pellegrini, Fabio"]
[Black "Guglielmetti, Oscar"]
[Result "1-0"]
[WhiteElo "1423"]
[BlackElo "1594"]
[PlyCount "42"]
[EventDate "2009.02.03"]
[EventType "swiss"]
[EventRounds "6"]
[EventCountry "ITA"]
[SourceTitle "EXT 2011"]
[Source "ChessBase"]
[SourceDate "2010.11.26"]
[SourceVersion "1"]
[SourceVersionDate "2010.11.26"]
[SourceQuality "1"]

1. e4 e6 2. Nf3 Nc6 3. d4 d5 4. e5 h6 5. c3 Bd7 6. Bb5 Nge7 7. 0-0 a6 8. Bd3 Na7 9. Na3 Ng6 10. Qb3 Rb8 11. Bxg6 fxg6 12. Nc2 Be7 13. Ne3 0-0 14. Qd1 g5 15. Kh1 c5 16. Ng4 cxd4 17. cxd4 Nb5 18. a4 Nc7 19. Ne1 Qe8 20. f4 gxf4 21. Rxf4 Qg6 1-0

[Event "Como Province-ch"]
[Site "Como"]
[Date "2009.01.25"]
[Round "2"]
[White "Guglielmetti, Oscar"]
[Black "Boffi, Luigi"]
[Result "1-0"]
[WhiteElo "1594"]
[BlackElo "1624"]
[PlyCount "77"]
[EventDate "2009.01.24"]
[EventType "swiss"]
[EventRounds "6"]
[EventCountry "ITA"]
[SourceTitle "EXT 2011"]
[Source "ChessBase"]
[SourceDate "2010.11.26"]
[SourceVersion "1"]
[SourceVersionDate "2010.11.26"]
[SourceQuality "1"]

1. f4 d5 2. Nf3 Nf6 3. e3 e6 4. Be2 Be7 5. b3 0-0 6. Bb2 c5 7. 0-0 b6 8. d3 Bb7 9. Qe1 Nbd7 10. Nbd2 Rc8 11. Ne5 a6 12. Qg3 d4 13. Nxd7 Qxd7 14. e4 b5 15. c4 Ne8 16. f5 exf5 17. Rxf5 Qd6 18. Qh3 Rc6 19. Bg4 Bc8 20. Rd5 Qc7 21. Bf5 Rh6 22. Qg3 Bxf5 23. Qxc7 Nxc7 24. Rxf5 Ne8 25. Raf1 Rf6 26. g4 Rxf5 27. gxf5 Bg5 28. Nf3 Be3+ 29. Kg2 Nf6 30. Bc1 Bxc1 31. Rxc1 Ng4 32. cxb5 axb5 33. Rxc5 g6 34. Rxb5 gxf5 35. Kg3 Re8 36. Nxd4 Nh6 37. Nxf5 Nxf5+ 38. Rxf5 Rd8 39. Rf3 1-0